Statistics for Most Successful North American Sports Teams

Click here to take the quiz!

General Stats

  • This quiz has been taken 45 times
  • The average score is 18 of 24

Answer Stats

Championship#Answer% Correct
World Series27New York Yankees
98%
NBA Finals17Boston Celtics
95%
NBA Finals17Los Angeles Lakers
95%
Stanley Cup24Montreal Canadiens
88%
Super Bowl6New England Patriots
85%
World Series9Boston Red Sox
83%
World Series5Cincinnati Reds
83%
World Series7Los Angeles Dodgers
80%
Super Bowl5Dallas Cowboys
78%
NBA Finals7Golden State Warriors
75%
Super Bowl6Pittsburgh Steelers
75%
Stanley Cup13Toronto Maple Leafs
75%
Stanley Cup6Boston Bruins
70%
Stanley Cup11Detroit Red Wings
70%
NBA Finals6Chicago Bulls
68%
Stanley Cup6Chicago Blackhawks
65%
World Series9Oakland Athletics
65%
Stanley Cup5Pittsburgh Penguins
65%
World Series8San Francisco Giants
63%
Stanley Cup5Edmonton Oilers
60%
NBA Finals5San Antonio Spurs
60%
Super Bowl5San Francisco 49ers
60%
World Series11St. Louis Cardinals
60%
World Series5Pittsburgh Pirates
53%

Score Distribution

Percentile by Number Answered

Percent of People with Each Score

Your Score History

You have not taken this quiz